Erfolgreichste Jet Punk Quizzes - Statistiken

Allgemein
  • Dieses Quiz wurde 14 mal gespielt
  • Das Durchschnittsergebnis liegt bei 3 aus 15
Antwortstatistiken
Spiele (Stand: 31.08.2024) Antwort % Korrekt
2.151.893 Länder der Welt Quiz
100%
434.629 Länder Europas Quiz
43%
317.838 Deutsche Großstädte
36%
241.122 Hauptstädte der Welt Quiz
29%
251.240 Hauptstädte Europas Quiz
21%
264.929 Länder Afrikas Quiz
21%
228.694 PSE Quiz
21%
932.610 Weltkarte ohne 20 zufällige Länder
14%
308.663 Länder mit Grenzen in 90 Sekunden
7%
274.370 Nennen Sie ein Land A-Z
7%
223.283 Schnelle Mathematik _ Zahlenverdopplung
7%
237.293 Zufällige Flagge zum Land
7%
561.374 Bundesstaten der USA
0%
238.527 Länder nach den ersten beiden Buchstaben
0%
226.391 Zufällige Läder auf der Weltkarte
0%
Keine übereinstimmenden Quizze gefunden
Verteilung der Resultate
Anzahl Personen mit jedem Resultat
Perzentil nach korrekt beantworteten Fragen
Ihre Resultats-Entwicklung
Sie haben dieses Quiz noch nicht gespielt